000 00432nam a22001577a 4500
999 _c525960
_d525960
003 NUST
038 _awaseem
082 _a891.42092
_bMUS
100 _aMustafa, Ghulam
_916906
245 _aBismil Fan ty Shakhsiyat /
_cGhulam Mustafa
260 _aLahore :
_bUsman Publications,
_c1990.
300 _a240 p. ;
880 _6100-01\r
_aغلام مصطفے
880 _6245-02\r
_aبسمل فن تے شخصیت /
942 _2ddc
_cBK